00253 a2200109 4500003000500000005001700005040000900022082001100031245004000042440004000082538002100122Nust20170207154226.0 cNust a371.33 aA Batter Idea, Army Cadet (VHS-532) aA Batter Idea, Army Cadet (VHS-532) aDuration 90-Mins